000 00518nam a2200181Ia 4500
005 20250326124029.0
008 250326s9999 xx 000 0 und d
037 _aTextbook
040 _aFMSL
_beng
_cFMSL
041 _aeng
_2eng
084 _aXogB L3
_qFMSL
100 _aPowell A A
_9736637
245 0 _aEconometric studies of macro and monetary relations
_cPowell A A; Williams R A
260 _aLondon
_bLondon, N-H
_c1973
300 _a358p
942 _cTB
_hXogB L3
999 _c1271965
_d1271965